| 000 | 00358 a2200157 4500 | ||
|---|---|---|---|
| 003 | Nust | ||
| 005 | 20251115162308.0 | ||
| 040 | _cNust | ||
| 082 | _a808.81,FRA | ||
| 100 |
_aAHmed , Faraz _915456 |
||
| 245 |
_aDard-e-Ashob / _cAhmed Faraz |
||
| 260 |
_aIslamabad _bDoost Publishers _c1995 |
||
| 300 | _a169 p | ||
| 650 |
_aPoetry _929982 |
||
| 942 |
_2ddc _cBK |
||
| 999 |
_c188077 _d188077 |
||